गांधीजींचे गृहतआत्म. (Record no. 252132)

MARC details
000 -LEADER
fixed length control field 00719nam a2200181Ia 4500
008 - FIXED-LENGTH DATA ELEMENTS--GENERAL INFORMATION
fixed length control field 090630s9999 xx 000 0 und d
082 ## - DEWEY DECIMAL CLASSIFICATION NUMBER
Item number 276
100 ## - MAIN ENTRY--PERSONAL NAME
Personal name धर्माधिकारी भाऊ.
245 ## - TITLE STATEMENT
Title गांधीजींचे गृहतआत्म.
Statement of responsibility, etc धर्माधिकारी भाऊ.
260 ## - PUBLICATION, DISTRIBUTION, ETC. (IMPRINT)
Name of publisher, distributor, etc सुलभ राष्ट्रीय.
Date of publication, distribution, etc 1970
300 ## - PHYSICAL DESCRIPTION
Extent 578
600 ## - SUBJECT ADDED ENTRY--PERSONAL NAME
Personal name धर्माधिकारी भाऊ.
630 ## - SUBJECT ADDED ENTRY--UNIFORM TITLE
Uniform title गांधीजींचे गृहतआत्म.
655 ## - INDEX TERM--GENRE/FORM
Genre/form data or focus term चरित्र.
700 ## - ADDED ENTRY--PERSONAL NAME
Personal name धर्माधिकारी भाऊ.
730 ## - ADDED ENTRY--UNIFORM TITLE
Uniform title गांधीजींचे गृहतआत्म.
942 ## - ADDED ENTRY ELEMENTS (KOHA)
Koha item type Book
Holdings
Withdrawn status Lost status Damaged status Not for loan Home library Current library Date acquired Cost, normal purchase price Total Checkouts Full call number Barcode Date last seen Cost, replacement price Price effective from Koha item type
        Sarvajanik Wachanalaya Shrivardhan Sarvajanik Wachanalaya Shrivardhan 02/08/2004 16.00   276 SAWASHRI-276 06/30/2009 16.00 06/30/2009 Book